Statystyki dla Państwa Świata według dwóch pierwszych liter - 1 minuta

Kliknij tutaj aby rozwiązać quiz!

Ogólne statystyki

  • Ten quiz został rozwiązany 541 razy
  • Średni wynik to 88 z 196

Odpowiedzi na mapie

Odpowiedzi skodowane kolorowo w zielono-czerwonej skali na mapie do tego quizu, zgodnie z poniższymi procentami.
 

Statystyki odpowiedzi

Kraj% Poprawnych
Polska
94%
Portugalia
94%
Kambodża
91%
Kamerun
91%
Kanada
91%
Katar
91%
Kazachstan
91%
Holandia
87%
Stany Zjednoczone
87%
Chile
85%
Chiny
85%
Chorwacja
85%
Rosja
85%
Niemcy
83%
Niger
83%
Nigeria
83%
Nikaragua
83%
Arabia Saudyjska
79%
Argentyna
79%
Armenia
79%
Brazylia
77%
Brunei
77%
Korea Południowa
76%
Korea Północna
72%
Meksyk
72%
Australia
71%
Austria
71%
Kolumbia
71%
Komory
71%
Kongo
71%
Kosowo
71%
Kostaryka
71%
Francja
70%
Macedonia Północna
68%
Madagaskar
68%
Malawi
68%
Malediwy
68%
Malezja
68%
Mali
68%
Malta
68%
Maroko
68%
Mauretania
68%
Mauritius
68%
Norwegia
68%
Nowa Zelandia
68%
Szwajcaria
68%
Szwecja
68%
Liban
67%
Liberia
67%
Libia
67%
Liechtenstein
67%
Litwa
67%
Irak
64%
Iran
64%
Irlandia
64%
Pakistan
64%
Palau
64%
Panama
64%
Papua-Nowa Gwinea
64%
Paragwaj
64%
Wielka Brytania
64%
Fidżi
63%
Filipiny
63%
Finlandia
63%
Mołdawia
63%
Monako
63%
Mongolia
63%
Mozambik
63%
Dania
61%
Eswatini
61%
Hiszpania
61%
Indie
58%
Indonezja
58%
Wietnam
58%
Ukraina
56%
Albania
52%
Algieria
52%
Czad
52%
Czarnogóra
52%
Czechy
52%
Boliwia
51%
Bośnia i Hercegowina
51%
Botswana
51%
Węgry
51%
Wenezuela
51%
Islandia
49%
Republika
Południowej Afryki
49%
Tunezja
49%
Turcja
49%
Turkmenistan
49%
Tuvalu
49%
Egipt
48%
Jamajka
48%
Japonia
48%
Mjanma
48%
Peru
48%
Białoruś
46%
Sudan
45%
Sudan Południowy
45%
Surinam
45%
Belgia
42%
Belize
42%
Benin
42%
Łotwa
41%
Republika Zielonego
Przylądka
41%
Włochy
39%
Saint Kitts i Nevis
38%
Saint Lucia
38%
Saint Vincent i
Grenadyny
38%
Salwador
38%
Samoa
38%
San Marino
38%
Honduras
36%
Andora
35%
Angola
35%
Antigua i Barbuda
35%
Urugwaj
35%
Estonia
33%
Tadżykistan
33%
Tajlandia
33%
Tajwan
33%
Tanzania
33%
Bahamy
32%
Bahrajn
32%
Bangladesz
32%
Barbados
32%
Republika
Środkowoafrykańska
31%
Rumunia
31%
Namibia
30%
Nauru
30%
Grecja
29%
Grenada
29%
Gruzja
29%
Demokratyczna
Republika Konga
28%
Ekwador
28%
Gujana
27%
Kuba
27%
Kuwejt
27%
Oman
27%
Somalia
27%
Gwatemala
26%
Gwinea
26%
Gwinea Bissau
26%
Gwinea Równikowa
26%
Dominika
25%
Dominikana
25%
Wybrzeże Kości
Słoniowej
23%
Etiopia
22%
Jemen
22%
Kirgistan
21%
Kiribati
21%
Senegal
21%
Serbia
21%
Seszele
21%
Słowacja
21%
Słowenia
21%
Watykan
21%
Afganistan
20%
Bułgaria
20%
Burkina Faso
20%
Burundi
20%
Wyspy Marshalla
20%
Wyspy Salomona
20%
Wyspy Świętego
Tomasza i Książeca
20%
Haiti
19%
Laos
18%
Mikronezja
18%
Kenia
16%
Nepal
16%
Zjednoczone Emiraty
Arabskie
16%
Erytrea
15%
Togo
14%
Tonga
14%
Zambia
14%
Lesotho
13%
Gabon
12%
Gambia
12%
Luksemburg
12%
Zimbabwe
11%
Izrael
10%
Sierra Leone
10%
Singapur
10%
Syria
10%
Azerbejdżan
9%
Ghana
9%
Jordania
9%
Uzbekistan
9%
Vanuatu
9%
Bhutan
8%
Rwanda
8%
Sri Lanka
8%
Trynidad i Tobago
8%
Cypr
7%
Uganda
7%
Dżibuti
6%
Timor Wschodni
6%

Rozkład punktacji

Percentyl według liczby udzielonych odpowiedzi

Procent ludzi z każdym wynikiem

Twoja historia wyników

Nie rozwiązałeś tego quizu